C++ primer /

Bibliographic Details
Main Author: Lippman, Stanley B.
Format: Book
Language:English
Published: Reading, Mass. : Addison-Wesley, [1991]
Edition:2nd ed., reprinted with corrections.
Subjects:

MARC

Tag First Indicator Second Indicator Subfields
LEADER 00000cam a2200000Ia 4500
001 in00001237145
005 20151003062327.0
008 940126r19931991maua b 001 0 eng d
020 |a 0201548488 
020 |a 9780201548488 
035 |a (OCoLC)29686924 
035 |9 AGS7431AM 
040 |a EXN  |c EXN  |d UIU  |d UtOrBLW 
049 |a TXAM 
050 0 0 |a QA76.73.C15  |b L57 1991a 
082 0 0 |a 005.13/3  |2 20 
092 0 |a 005.133  |b C11l, 1993  |2 20 
100 1 |a Lippman, Stanley B. 
245 1 0 |a C++ primer /  |c Stanley B. Lippman. 
250 |a 2nd ed., reprinted with corrections. 
264 1 |a Reading, Mass. :  |b Addison-Wesley,  |c [1991] 
264 3 |c 1993 printing 
264 4 |c ©1991 
300 |a xvi, 614 pages :  |b illustrations ;  |c 24 cm. 
336 |a text  |b txt  |2 rdacontent 
337 |a unmediated  |b n  |2 rdamedia 
338 |a volume  |b nc  |2 rdacarrier 
504 |a Includes bibliographical references (pages xi) and index. 
650 0 |a C++ (Computer program language) 
740 0 |a C plus plus primer. 
949 |a updated-AC  |b h  |c 2011/1/13  |e jstorlie 
999 |a MARS 
999 f f |s 98352dfa-3129-36bb-806e-13f5ca858e12  |i bb348172-be32-3c12-a3a3-88b36986b4b7  |t 0 
952 f f |p normal  |a Texas A&M University  |b College Station  |c Sterling C. Evans Library  |d Evans: Library Stacks  |t 0  |e QA76.73.C15 L57 1991  |h Library of Congress classification  |i unmediated -- volume  |m A14819193299 
998 f f |a QA76.73.C15 L57 1991  |t 0  |l Evans: Library Stacks